[Event "Olympiad-41"]
[Site "Tromsoe"]
[Date "2014.08.11"]
[Round "9.3"]
[White "Bartel, Mateusz"]
[Black "Georgiadis, Nico"]
[Result "1-0"]
[WhiteElo "2640"]
[BlackElo "2448"]
[Annotator "Bartel,M"]
[PlyCount "99"]
[EventDate "2014.08.02"]
[EventType "team-swiss"]
[EventRounds "11"]
[EventCountry "NOR"]
[SourceTitle "CBM 162"]
[Source "ChessBase"]
[SourceDate "2014.09.17"]
[SourceVersion "1"]
[SourceVersionDate "2014.09.17"]
[SourceQuality "1"]
[WhiteTeam "Poland"]
[BlackTeam "Switzerland"]
[WhiteTeamCountry "POL"]
[BlackTeamCountry "SUI"]

1. e4 e5 2. Nf3 Nc6 3. Bb5 Nf6 4. d3 {If you see no reason to play the Berlin
endgame, and I certainly can't see the point in playing this strange queenless
position, the only real alternative is 4.d3.} Bc5 5. Bxc6 {This innocent move
is currently the most serious attempt to fight for a small edge. White has
other options and in fact many of them. I have already tried to get something
after 5.c3, 5.Nbd2 and 5.Nc3.} dxc6 6. Nbd2 {This flexible move was introduced
around 2009-2010 by two players. Both Predojevic and Zvjaginsev played several
games with it. Later such players as Carlsen, Adams or Naiditsch realised that
there is some idea behind this move and all of a sudden it became very
fashionable. Anand himself has already played 4 games in it, one of them in
his WCh struggle vs. Magnus Carlsen.  However, to be honest, there is not much
difference between 6.Nbd2 and 6.0-0 and very often both moves leads to the
same positions.} Be6 {This move stops the Nc4 idea forever, but at the same
time} (6... Bg4 {was tried by Carlsen in the Chennai match. However, it seems
a bit too provocative to me:} 7. h3 Bh5 8. g4 $5 (8. Nf1 {was Anand's choice,
but it didn't lead to any edge}) 8... Bg6 9. Nc4 (9. Nb3 Bd6 10. Na5 Bb4+ 11.
Bd2 Bxa5 12. Bxa5 Qd6 $11) 9... Nd7 {and now the position may become quite
sharp for this opening:} 10. Be3 Qe7 11. Qe2 O-O 12. O-O-O $13) ({Another
standard option would be} 6... O-O 7. O-O ({after} 7. Nc4 {Black can try} Ng4
$5 8. O-O f5) 7... Re8 8. Nc4 Nd7 {what we also saw at the Olympiad, in the
Negi - Bologan encounter.}) 7. O-O Nd7 8. Nb3 Bxb3 $6 {In that position the
main, if not the only, advantage of Black's is the pair of bishops. Exchanging
one of them without visible reason can't be that good.} (8... Be7 {has been
tried by two French players, Maze and Bacrot; especially the latter played in
convincingly:} 9. d4 f6 10. c3 O-O 11. Be3 a5 12. h3 Bd6 13. Nbd2 Qe8 14. dxe5
Nxe5 15. Nd4 Nc4 16. Nxe6 Qxe6 17. Nxc4 Qxc4 18. f3 {1/2 (18) Edouard,R (2666)
-Bacrot,E (2725) Geneve 2013}) 9. axb3 {Now, in my opinion, White must be
slightly better, as he has the better pawn structure. Of course, it's not much.
} O-O 10. Bg5 Be7 ({The idea of White's 10.Bg5 could be seen after} 10... f6
11. Bd2 {and now Nh4-f5, to provoke g7-g6, seems like a natural plan.}) 11. Be3
{This is a good square for the bishop.} Re8 $6 {This seems a bit pointless, as
at the moment the pawn on e5 doesn't need any more protection.} (11... a5 $5 {
was interesting. It seems that Black should try to establish a strong chain of
his pawns on a5-b6 and c5 to prepare the c6-square for the knight.}) 12. Kh1 {
This is a very useful move on many occasions, as the king can hardly be
attacked with check on h1, while on g1 - after e.g. f4 - check on d4 can
easily happen.} ({However, it's very likely that a immediate} 12. Qe1 $5 {
or Qd2 was more precise.}) 12... a6 $6 {As mentioned in the previous comment,
the pawn should be advanced to a5. This looks more solid, but at the same time
is pointless.} 13. Qe1 {I am not exactly sure about the objective strength of
this move, but during the game I really liked it. It can be very useful - if
White mangages to play Nd2-f4, the queen would be quick to reach g3 square,
which looks optimal. At the same time, the queen has a contact with bishop on
e3 and White can recapture with a Lady, which actually happened in the game.}
Bc5 (13... b6 $5) 14. Nd2 Bxe3 15. Qxe3 Qe7 16. Nc4 b6 $2 {This is too slow.} (
{Engines suggest to try} 16... b5 {, but it's not the easiest move to make.
It's, as are most computer suggestions, very concrete - if Black is quick
enough to create counterplay on the queenside, it should be ok.} 17. Nd2 (17.
Na5 c5 18. f4 exf4 19. Rxf4 Qd6 $11) 17... c5 (17... Qc5 $6 18. Qxc5 Nxc5 19.
b4 $14) (17... a5 $5 18. f4 exf4 19. Qxf4 $14) 18. f4 exf4 19. Rxf4 Qe5 $13)
17. f4 a5 $6 {Again, too slow. Now White acts extremely quickly.} 18. Qg3 exf4
(18... f6 {was better:} 19. Ne3 Kh8 {, but after} 20. Rf3 {White is just about
to start a final attack.}) 19. Rxf4 {Now it's really unpleasant for Black -
all the white forces are ready to attack.} Ne5 $2 {Another aimless move and
decisive mistake.} (19... f6 20. Ne3 {with a serious advantage.}) 20. Raf1 {
A simple decision - the last piece joins the attack.} Rf8 {The only move to
avoid material losses.} 21. Ne3 h6 $2 {Now Black is holpless.} ({More stubborn
was something like} 21... f6 22. d4 Ng6 23. Rg4 $16) 22. d4 $6 (22. h4 $18 {
was winning on the spot. With the control of the g5-square White has a lot of
possibilities, based on the Nf5 idea.}) 22... Ng6 23. Nf5 Qe6 24. h4 (24. Rg4 {
was also ok.}) 24... h5 25. Qg5 Qe8 $8 {The threat was g4.} 26. e5 $1 {Simple
and decisive. White stops teh f6 threat and keeps up the tention.} f6 (26... c5
27. Qxh5 $1 (27. g4 $2 Qd8 $1) 27... Nxf4 (27... cxd4 28. Qg5 $1 Qd8 29. Qg4 {
with an unstoppable h4-h5.}) 28. Rxf4 f6 29. Qg4 $18) 27. exf6 Rxf6 28. Ne7+ ({
Also winning was} 28. Nxg7 Rxf4 29. Nxe8 Rxf1+ 30. Kh2 Rxe8 31. Qxg6+ Kf8 32.
Qh6+ Kg8 33. Qxc6 {, but the move in the game looked simpler to me.}) 28...
Qxe7 29. Rxf6 gxf6 30. Qxg6+ Qg7 31. Qxh5 (31. Rxf6 Qxg6 32. Rxg6+ {was
probably the most technical way.}) 31... Rf8 32. Rf4 Qh7 33. Qe2 Kh8 34. Kh2 {
A useful move, as the king is much better on h2.} Qf7 35. Qe4 Qd7 36. Qg6 Qg7 (
36... Qh7 {was more stubborn.}) 37. Rg4 Qxg6 38. Rxg6 {And with the active
rook on g6 and better king, not forgetting about his material advantage, White
is winning.} Rd8 (38... Kh7 39. h5) 39. Rxf6 Rxd4 40. Kh3 c5 41. Rf2 c4 42.
bxc4 Rxc4 43. g4 a4 44. h5 b5 45. Kh4 Kg7 (45... b4 46. b3 $1 axb3 47. cxb3 Rc3
48. h6 Rxb3 49. g5 $18) 46. Rd2 Rc5 (46... Kf6 47. c3 b4 (47... a3 48. bxa3
Rxc3 49. g5+) 48. cxb4 Rxb4 49. Rc2) 47. c3 a3 48. bxa3 Rxc3 49. Rd7+ Kg8 50.
h6 1-0

[Event "FRA-ch 91st"]
[Site "Agen"]
[Date "2016.08.19"]
[Round "7"]
[White "Edouard, Romain"]
[Black "Gharamian, Tigran"]
[Result "1-0"]
[WhiteElo "2647"]
[BlackElo "2637"]
[Annotator "Besenthal,K/Primel,D"]
[PlyCount "119"]
[EventDate "2016.08.13"]
[EventType "tourn"]
[EventRounds "9"]
[EventCountry "FRA"]
[EventCategory "14"]
[SourceTitle "CBM 174"]
[Source "ChessBase"]
[SourceDate "2016.09.13"]
[SourceVersion "1"]
[SourceVersionDate "2016.09.13"]
[SourceQuality "1"]
[TimeControl "40/5400+30:1800+30"]

1. e4 {[%emt 0:10:21]} e5 {[%emt 0:00:00]} 2. Nf3 {[%emt 0:00:03]} Nc6 {
[%emt 0:00:10]} 3. Bb5 {[%emt 0:00:23]} Nf6 {[%emt 0:00:19]} 4. d3 {[%emt 0:00:
07]} Bc5 {[%emt 0:00:07]} 5. O-O {[%emt 0:05:28]} Nd4 {[%emt 0:01:02]} 6. Nxd4
{[%emt 0:00:06]} Bxd4 {[%emt 0:00:06]} 7. c3 {[%emt 0:00:08]} (7. Nd2 a6 8. Ba4
b5 9. Bb3 d6 10. a4 Bb6 11. axb5 Bg4 12. Nf3 axb5 13. Rxa8 Qxa8 14. h3 Be6 15.
Bxe6 fxe6 16. Nh2 O-O 17. Ng4 Qe8 18. Be3 Bxe3 19. Nxe3 Qc6 20. Qd2 d5 21. f3
d4 22. Ng4 Nxg4 23. hxg4 h6 24. g5 hxg5 25. Qxg5 Qxc2 26. Qxe5 Qxd3 27. Qxe6+
Kh7 28. Qh3+ Kg8 29. Qe6+ Kh7 30. Qh3+ Kg8 {1/2-1/2 (30) Anand,V (2762)
-Nakamura,H (2790) Moscow 2016}) 7... Bb6 {[%emt 0:00:10]} 8. Ba4 {[%emt 0:07:
59]} O-O {[%emt 0:00:59]} 9. Bg5 {[%emt 0:02:06]} h6 {[%emt 0:02:52]} 10. Bh4 {
[%emt 0:00:05]} d6 {[%emt 0:03:43]} 11. Kh1 {[%emt 0:01:20]} g5 {[%emt 0:26:29]
} 12. Bg3 {[%emt 0:00:05]} Bg4 $146 {[%emt 0:00:31]} (12... h5 13. f3 h4 14.
Bf2 Bxf2 15. Rxf2 Nh5 16. Nd2 Qf6 17. Kg1 Be6 18. Nf1 d5 19. exd5 Bxd5 20. Ne3
Rad8 21. Nxd5 Rxd5 22. Qb3 Rxd3 23. Qxb7 Qb6 24. Qxb6 axb6 25. Bb5 Rd6 26. a4
Rfd8 27. b4 Nf4 28. a5 Nd5 29. Rc2 bxa5 30. bxa5 c6 31. Be2 Nc7 32. a6 Nb5 33.
Kf2 Ra8 34. Bc4 Kg7 35. Ra5 f5 36. Ke3 Rd7 37. Rd2 Rc7 38. Rd3 Kf8 39. g3 hxg3
40. hxg3 Ke7 41. Rd2 Rca7 42. Bxb5 {Spraggett,K (2588)-Pap,M (2511) France
2011 1/2-1/2}) 13. f3 {[%emt 0:01:34]} Be6 {[%emt 0:01:04]} 14. d4 {[%emt 0:08:
06]} Nh5 {[%emt 0:01:07]} 15. Bf2 {[%emt 0:00:04]} Nf4 {[%emt 0:04:59]} 16. Na3
{[%emt 0:03:30]} Qf6 {[%emt 0:03:15]} 17. Bb3 {[%emt 0:10:49]} Rad8 {[%emt 0:
03:17]} 18. Bxe6 {[%emt 0:12:20]} Qxe6 {[%emt 0:07:23]} 19. d5 {[%emt 0:02:53]}
Qg6 {[%emt 0:18:14]} 20. Bxb6 {[%emt 0:00:09]} axb6 {[%emt 0:00:41]} 21. g3 {
[%emt 0:00:05]} Nh5 {[%emt 0:00:11]} 22. Nc2 {[%emt 0:00:36]} Ng7 {[%emt 0:00:
28]} 23. g4 {[%emt 0:00:58]} h5 {[%emt 0:00:07]} 24. Qe2 {[%emt 0:06:57]} (24.
h3) 24... Ra8 {[%emt 0:00:49]} 25. Rg1 {[%emt 0:02:31]} h4 {[%emt 0:01:54]} 26.
Ne3 {[%emt 0:00:41]} f6 {[%emt 0:01:03]} 27. a4 {[%emt 0:00:58]} Ra6 {[%emt 0:
02:32]} 28. Ra3 {[%emt 0:01:15]} Rfa8 {[%emt 0:00:26]} 29. Rga1 {[%emt 0:00:03]
} Qe8 {[%emt 0:00:32]} 30. Qc4 {[%emt 0:03:31]} Qd7 {[%emt 0:00:07]} 31. Qb4 {
[%emt 0:00:29]} Qc8 {[%emt 0:02:24]} 32. Nc4 {[%emt 0:06:11]} R8a7 {[%emt 0:02:
16]} 33. Kg1 {[%emt 0:01:35]} Ne8 {[%emt 0:00:49]} 34. Qb5 {[%emt 0:04:39]} Kf8
{[%emt 0:00:57]} 35. Kf2 {[%emt 0:00:41]} c6 {[%emt 0:06:07]} 36. Qb4 {[%emt 0:
00:07]} c5 {[%emt 0:01:20]} 37. Qb3 {[%emt 0:01:17]} Qd8 {[%emt 0:00:14]} 38.
Ke2 {[%emt 0:04:43]} Qc7 {[%emt 0:00:48]} 39. Qc2 {[%emt 0:03:02]} Ra8 {
[%emt 0:03:47]} 40. Kd3 {[%emt 0:00:59]} R8a7 {[%emt 0:04:36]} 41. Rb3 {
[%emt 0:12:21]} Rxa4 {[%emt 0:14:32]} 42. Rxa4 {[%emt 0:00:04]} Rxa4 {[%emt 0:
00:05]} 43. Rxb6 $1 {[%emt 0:06:25]} Rxc4 {[%emt 0:09:59]} 44. Rb5 {[%emt 0:00:
16]} b6 {[%emt 0:00:07]} 45. Qb3 {[%emt 0:05:19]} Qa7 {[%emt 0:01:14]} 46. Qxc4
{[%emt 0:00:55]} Nc7 {[%emt 0:01:28]} 47. Rb3 {[%emt 0:00:07]} Qa1 {[%emt 0:00:
11]} 48. Kc2 {[%emt 0:00:49]} Qa2 {[%emt 0:00:05]} (48... b5 $5) 49. Qd3 {
[%emt 0:01:45]} Qa4 {[%emt 0:01:40]} 50. c4 {[%emt 0:00:04]} b5 {[%emt 0:01:19]
} 51. Kb1 {[%emt 0:00:02]} b4 {[%emt 0:00:29]} 52. Qc2 {[%emt 0:01:05]} Ke7 {
[%emt 0:01:35]} 53. Rd3 {[%emt 0:00:06]} Qxc2+ {[%emt 0:00:29]} 54. Kxc2 {
[%emt 0:00:01] Ist die Schwarze Stellung eine uneinnehmbare Festung?} Kd7 {
[%emt 0:00:14]} 55. Rd1 {[%emt 0:01:10]} Kc8 {[%emt 0:00:09]} 56. Ra1 {[%emt 0:
00:03]} Kb7 {[%emt 0:00:22]} 57. Kd3 {[%emt 0:01:43]} Na8 {[%emt 0:05:43]} 58.
f4 $1 {[%emt 0:02:42] Nein!} exf4 {[%emt 0:00:16]} ({Oder} 58... gxf4 59. Rf1
Nb6 60. Rf3 Na4 61. Kc2 Kc8 62. Rh3 Kd8 63. Rxh4 {usw.}) 59. e5 {[%emt 0:00:02]
} dxe5 {[%emt 0:00:33]} ({Oder} 59... fxe5 60. Ke4) 60. Ra5 {[%emt 0:01:19]}
1-0

[Event "Tashkent FIDE GP"]
[Site "Tashkent"]
[Date "2014.10.31"]
[Round "9"]
[White "Vachier Lagrave, Maxime"]
[Black "Giri, Anish"]
[Result "1/2-1/2"]
[WhiteElo "2757"]
[BlackElo "2768"]
[Annotator "CB"]
[PlyCount "64"]
[EventDate "2014.10.21"]
[EventType "tourn"]
[EventRounds "11"]
[EventCountry "UZB"]
[EventCategory "21"]
[SourceTitle "CBM 163"]
[Source "ChessBase"]
[SourceDate "2014.11.11"]
[SourceVersion "1"]
[SourceVersionDate "2014.11.11"]
[SourceQuality "1"]

1. e4 e5 2. Nf3 Nc6 3. Bb5 Nf6 4. d3 Bc5 5. c3 d5 {Side-stepping some theory
here. The normal move is 0-0 or d6, but d5 is logical if Black can get away
from it. Kryvoruchko tried it recently with success agaisnt Hansen.} 6. Nbd2 (
6. Nxe5 O-O 7. Bxc6 bxc6 {leaves White's position rather shaky. With e4
hanging and his lack of development it doesn't seem he can find a path to an
advantage, actually he should be careful not to be worse.}) 6... dxe4 7. dxe4
O-O 8. Qe2 a5 9. O-O Qe7 {The symmetrical position is not worse for Black in
this scenario.} 10. Nh4 Bg4 11. Ndf3 Nh5 12. Qc4 Na7 13. Bg5 Qd6 14. Nf5 (14.
Rad1 Bxf2+ $1 15. Kxf2 $6 (15. Kh1 Qc5 $11) 15... Qb6+ $17) 14... Bxf5 15. exf5
h6 16. Rad1 Qb6 (16... Bxf2+ 17. Kxf2 Qb6+ 18. Be3 Qxb5 19. Qxb5 Nxb5 20. Nxe5
$11) 17. Rd5 c6 18. Qxc5 Qxb5 19. Qxf8+ $1 {The only way to keep equal chances.
} (19. Qxb5 Nxb5 {leaves White's rook on d5 and White's bishop on g5 hanging.})
19... Rxf8 20. Rxb5 cxb5 21. Be3 Nc6 22. Rd1 Nf6 {Neither side can claim to
anything in this position.} 23. h3 Rc8 24. g4 Kf8 25. Bc5+ Kg8 26. Be3 Kf8 27.
Kf1 Ke8 28. Ke2 Rc7 29. Bc5 Ne4 30. Rd5 Nf6 31. Rd1 Ne4 32. Rd5 Nf6 1/2-1/2

[Event "Zug FIDE GP"]
[Site "Zug"]
[Date "2013.04.24"]
[Round "6"]
[White "Caruana, Fabiano"]
[Black "Karjakin, Sergey"]
[Result "1/2-1/2"]
[WhiteElo "2772"]
[BlackElo "2786"]
[Annotator "CB"]
[PlyCount "120"]
[EventDate "2013.04.18"]
[EventType "tourn"]
[EventRounds "11"]
[EventCountry "SUI"]
[EventCategory "21"]
[SourceTitle "CBM 154"]
[Source "ChessBase"]
[SourceDate "2013.05.15"]
[SourceVersion "1"]
[SourceVersionDate "2013.05.15"]
[SourceQuality "1"]

1. e4 e5 2. Nf3 Nc6 3. Bb5 Nf6 4. d3 Bc5 5. Bxc6 dxc6 6. Nbd2 O-O 7. Nc4 Nd7 8.
O-O Re8 9. Kh1 a5 10. a4 b6 11. g3 $146 (11. Be3 Bb4 12. Nfd2 b5 13. axb5 cxb5
14. c3 bxc4 15. cxb4 cxd3 16. bxa5 Ba6 17. Qb3 Nf6 18. h3 Nh5 19. Rfc1 Nf4 20.
Rc6 Ne2 21. Qd5 Qb8 22. Rxa6 Rxa6 23. Qxd3 Qxb2 24. Rb1 Rd6 25. Qxe2 Qa2 26.
Qb5 c6 27. Qb2 {1-0 (27) Anand,V (2780)-Kramnik,V (2810) Zuerich 2013}) 11...
Nf8 12. Ncxe5 f6 13. d4 Bd6 14. Nxc6 Qd7 15. d5 Rxe4 16. Nd2 Re8 17. Nc4 Ba6
18. b3 Bxc4 19. bxc4 Ng6 20. Nd4 {Karjakin now chooses the dubious} Ne5 $2 {
and gives Caruana the opportunity to get a winning advantage with} 21. f4 $1 c5
22. Nb5 Nf7 23. Qd3 Bf8 24. Bd2 Nd6 25. Nc3 Qh3 26. Rab1 Rab8 27. Rfe1 Rxe1+
28. Bxe1 Kf7 29. Bf2 Rb7 30. Kg1 h5 31. Ne4 Qd7 32. Nxd6+ Bxd6 33. Re1 Qxa4 34.
Qf5 Re7 35. Re6 ({Caruana missed an easy win with} 35. Rxe7+ Bxe7 36. Qe6+ Kf8
37. d6 Bd8 38. d7 Be7 39. Qd6 $18) 35... Qd7 36. Qxh5+ Kg8 37. f5 {After} a4 {
Black was back in the game as the pawn had to be blockaded before it became a
runner.} 38. Qf3 Re8 39. Qa3 Ra8 40. Be1 Be5 41. Bf2 Qb7 42. d6 {Fabiano
Caruana had started to make mistakes, and it was hard for the Italian player
to defend his position after this move.} Qc6 43. d7 Qxd7 44. Rxb6 Qxf5 45. Qxc5
Rd8 46. Qe3 Qxc2 47. Qf3 a3 48. Qxa3 {Chess engines are showing -6 = totally
winning for Black.} Bd4 $4 49. Bxd4 Rxd4 50. Rxf6 $1 Rd2 (50... gxf6 51. Qa8+
Kf7 52. Qa7+ Ke6 53. Qxd4 {and White is winning.}) 51. Qf8+ Kh7 52. Rf2 Rxf2
53. Qxf2 Qxc4 54. Qf5+ Kh8 55. Qf8+ Kh7 56. Qf5+ Kh8 57. h4 Qa2 58. h5 Qe2 59.
Qf8+ Kh7 60. Qf5+ Kh8 1/2-1/2

[Event "USA-ch"]
[Site "Saint Louis"]
[Date "2015.04.02"]
[Round "2"]
[White "Shankland, Samuel L"]
[Black "So, Wesley"]
[Result "0-1"]
[WhiteElo "2661"]
[BlackElo "2788"]
[Annotator "CB"]
[PlyCount "184"]
[EventDate "2015.04.01"]
[EventType "tourn"]
[EventRounds "11"]
[EventCountry "USA"]
[EventCategory "16"]
[SourceTitle "CBM 166"]
[Source "ChessBase"]
[SourceDate "2015.05.11"]
[SourceVersion "1"]
[SourceVersionDate "2015.05.11"]
[SourceQuality "1"]

1. e4 e5 2. Nf3 Nc6 3. Bb5 Nf6 4. d3 Bc5 5. c3 O-O 6. O-O d6 7. Nbd2 a6 8. Ba4
Ba7 9. h3 Ne7 10. Re1 c5 11. Nf1 h6 12. Ng3 b5 13. Bc2 Ng6 14. d4 Bb7 15. Be3
Re8 16. d5 c4 17. Bxa7 Rxa7 18. b3 Qc7 19. bxc4 Qxc4 20. a4 Qxc3 21. axb5 Qc5
22. Qb1 axb5 23. Rxa7 Qxa7 24. Qxb5 Rc8 25. Bd3 Nf4 26. Qb3 Ba6 27. Bxa6 Qxa6
28. Nf5 Kh7 29. Qb4 Rd8 30. Qd2 Rb8 31. Qc2 Rc8 32. Qd2 Rc4 33. Ng3 Qc8 34. Nh2
Rd4 35. Qe3 Rd3 36. Qa7 Qc3 37. Re3 Rxe3 38. Qxe3 Qxe3 39. fxe3 Nd3 40. Nf3 Nc5
41. Nd2 g5 42. Kf2 Kg6 43. Kf3 h5 44. h4 gxh4 45. Nf5 Nxd5 46. Nxd6 Nc3 47. Nf5
Kg5 48. Nd6 Kf6 49. Nf5 Ne6 50. Nxh4 Ng5+ 51. Kg3 Ngxe4+ 52. Nxe4+ Nxe4+ 53.
Kf3 Nd2+ 54. Ke2 Kg5 55. g3 Ne4 56. Kf3 Nd2+ 57. Ke2 Ne4 58. Kf3 f5 59. Kg2 Nd2
60. Kf2 Kg4 61. Ng6 Nc4 62. Ne7 Nb2 63. Nd5 Nd3+ 64. Kg2 Kg5 65. Kf3 Nc5 66.
Kg2 Ne4 67. Kh3 Nf6 68. Ne7 Ng4 69. Nd5 Kg6 70. Kh4 Kh6 71. Kh3 Kg7 72. Kh4 Kg6
73. Kh3 Kf7 74. Kh4 Ke6 75. Nc7+ Kd6 76. Ne8+ Kd5 77. Kxh5 Nxe3 78. Kg5 Ke4 79.
Kf6 Kd4 80. Kg5 e4 81. Nd6 Kd3 82. Kh5 Kd4 83. Kg5 Kd5 84. Nb5 Kc5 85. Nc3 Kd4
86. Nb5+ Ke5 87. Na3 Nd5 88. Nc4+ Ke6 89. Nd2 Ke5 90. Nc4+ Ke6 91. Nd2 Nf6 {
After defending for a long time, Sam Shankland has reached a drawn position.
Wesley So was unable to capitalize in a winning position, being up a pawn in a
knight endgame.} 92. g4 $4 (92. Nc4 {was the easiest way to draw, but most
logical moves also held the half point.}) 92... Nxg4 {It is unclear what
Shankland missed...} (92... Nxg4 93. Nxe4 fxe4 94. Kxg4 Ke5 {is very obviously
a lost pawn endgame.}) 0-1

[Event "Grenke Chess Classic 1st"]
[Site "Baden-Baden"]
[Date "2013.02.07"]
[Round "1"]
[White "Adams, Michael"]
[Black "Anand, Viswanathan"]
[Result "1/2-1/2"]
[WhiteElo "2725"]
[BlackElo "2780"]
[Annotator "CB"]
[PlyCount "86"]
[EventDate "2013.02.07"]
[EventType "tourn"]
[EventRounds "10"]
[EventCountry "GER"]
[EventCategory "19"]
[SourceTitle "CBM 153"]
[Source "ChessBase"]
[SourceDate "2013.03.14"]
[SourceVersion "1"]
[SourceVersionDate "2013.03.14"]
[SourceQuality "1"]

1. e4 e5 2. Nf3 Nc6 3. Bb5 Nf6 4. d3 Bc5 5. c3 O-O 6. O-O d6 7. h3 Ne7 8. d4
Bb6 9. Re1 Ng6 10. Bd3 Re8 11. Qc2 c6 12. Be3 d5 13. dxe5 Nxe5 14. Nxe5 Rxe5
15. Bxb6 axb6 {Adams had dismissed} 16. f4 {but then thought, "Black has so
many options that one of them must be good, but which one? Let's see what
happens!"} ({Adams revealed that his first thought was} 16. Nd2 {is a draw,
but such is life - move on.}) {Suddenly Vishy was also faced with a dilemma -
all kinds of exchange sacs on e4 are possible and the rook can also simply
retreat to e8, but the World Champion claimed his decision was also impulsive:
"For some reason I started to like the idea of} 16... Rh5 {and decided it was
worth a punt." - Adams: "I was very suspicious of Rh5 - I was completely
unable to refute it in any way, but it looked a very funny move."} 17. e5 Nd7
18. Qe2 Rh4 19. e6 {After this things looked dicey for Anand, but} Nc5 $1 {
showed he had the situation under control, even if he still felt Black needed
to be very accurate in the play that followed.} 20. exf7+ Kxf7 21. Nd2 Nxd3 22.
Qxd3 Rxf4 23. Qxh7 Bf5 24. Qh5+ Bg6 25. Qe5 Rf6 26. Nf3 Kg8 27. Ng5 Qd7 28. a3
$5 ({Vishy joked "it would have been a reasonable bluff just to play} 28. Rad1
{and see if I have the guts to take on a2!"}) 28... Raf8 29. Rad1 Qf5 30. Qe3
Qf2+ 31. Qxf2 Rxf2 32. Re6 Be4 33. Nxe4 dxe4 34. Rxe4 Rxb2 35. Rd7 Rff2 36. Rg4
Rf7 37. Rxf7 Kxf7 38. Rb4 Ra2 39. Rxb6 Rxa3 40. Rxb7+ Kg8 41. c4 Ra4 42. c5 Ra5
43. Rc7 Rxc5 1/2-1/2